Countries ending in L - Statistics

General Stats
  • This quiz has been taken 154 times
  • The average score is 4 of 5
Answer Stats
Hint Answer % Correct
South America Brazil
97%
Europe Portugal
95%
Africa Senegal
87%
Asia Nepal
86%
Asia Israel
83%
No matching quizzes found
Score Distribution
Percent of People with Each Score
Percentile by Number Answered
Your Score History
You have not taken this quiz